Engineering, ethics, and the environment /

Bibliographic Details
Main Author: Vesilind, P. Aarne
Other Authors: Gunn, Alastair S.
Format: Book
Language:English
Published: New York : Cambridge University Press, 1998.
Subjects:

MARC

Tag First Indicator Second Indicator Subfields
LEADER 00000cam a2200000 a 4500
001 in00001406578
005 20151020072801.0
008 970115s1998 nyua b 001 0 eng
010 |a  97000083  
020 |a 0521581125 (hc) 
020 |a 0521589185 (pbk.) 
035 |a (OCoLC)36241600 
035 |9 AHQ3523AM 
040 |a DLC  |c DLC  |d TXA  |d UtOrBLW 
049 |a TXAM 
050 0 0 |a TA157  |b .V42 1998 
082 0 0 |a 179/.1/02462  |2 21 
100 1 |a Vesilind, P. Aarne. 
245 1 0 |a Engineering, ethics, and the environment /  |c P. Aarne Vesilind, Alastair S. Gunn. 
264 1 |a New York :  |b Cambridge University Press,  |c 1998. 
300 |a xvi, 314 pages :  |b illustrations ;  |c 24 cm. 
336 |a text  |b txt  |2 rdacontent 
337 |a unmediated  |b n  |2 rdamedia 
338 |a volume  |b nc  |2 rdacarrier 
504 |a Includes bibliographical references and indexes. 
650 0 |a Engineering ethics. 
650 0 |a Environmental ethics. 
700 1 |a Gunn, Alastair S. 
948 |a c:dm 
999 |a MARS 
999 f f |s 3fca84ae-8ca1-3de8-921b-9652b616fadb  |i 774c79d0-ebbe-3cfa-9fe4-65ee4325302b  |t 0 
952 f f |p ric  |a Texas A&M University  |b Rellis Campus  |c Joint Library Facility  |d Remote Storage  |t 0  |e TA157 .V42 1998  |h Library of Congress classification  |i unmediated -- volume  |m A14823323864 
998 f f |a TA157 .V42 1998  |t 0  |l Remote Storage